| 000 | 00000nam 2200000zi 4500 |
| 001 | 9.953068 |
| 003 | CaOODSP |
| 005 | 20250821134146 |
| 006 | m o d f |
| 007 | cr |n||||||||| |
| 008 | 250710e199603##abca obt f|0| 0 eng d |
| 040 | |aCaOODSP|beng|erda|cCaOODSP |
| 043 | |an-cn-ab |
| 086 | 1 |aDR52-2/17-1996E-PDF |
| 100 | 1 |aMcAndless, J. M., |d1942- |eauthor. |
| 245 | 10|aHazardous waste management at DRES / |cby J.M. McAndless. |
| 246 | 13|aHazardous waste management at Defence Research Establishment Suffield |
| 264 | 1|aMedicine Hat, Alberta : |bDefence Research Establishment Suffield, |cMarch 1996. |
| 300 | |a1 online resource (1 volume (various pagings)) : |billustrations. |
| 336 | |atext|btxt|2rdacontent |
| 337 | |acomputer|bc|2rdamedia |
| 338 | |aonline resource|bcr|2rdacarrier |
| 490 | 1 |aSuffield special publication ; |vNo. 178 |
| 500 | |aDigitized edition from print [produced by Defence Research and Development Canada]. |
| 500 | |a"Unclassified." |
| 504 | |aIncludes bibliographical references. |
| 520 | 3 |a"This report outlines the key element of the DRES Hazardous Waste Management Program and describes procedures for the proper collection, storage and disposal of specific types of hazardous waste" -- Abstract, page iii. |
| 650 | 0|aHazardous wastes|zAlberta|zSuffield|xManagement. |
| 650 | 0|aHazardous waste site remediation|zAlberta|zSuffield. |
| 650 | 6|aDéchets dangereux|zCanada|xGestion. |
| 650 | 6|aDépôts de déchets dangereux|xRestauration|zAlberta|zSuffield. |
| 710 | 2 |aDefence Research Establishment Suffield, |eissuing body. |
| 830 | #0|aSuffield special publication ;|vNo. 178.|w(CaOODSP)9.926017 |
| 856 | 40|qPDF|s2.59 MB|uhttps://publications.gc.ca/collections/collection_2025/rddc-drdc/DR52-2-17-1996-eng.pdf |
| 986 | |aDRES-SSP 178 |